| 000 | 00524nam a2200181Ia 4500 | ||
|---|---|---|---|
| 005 | 20250923144906.0 | ||
| 008 | 008 250917s9999 xx 000 0 eng d | ||
| 037 | _aTextual | ||
| 040 |
_aDSWL _beng _cDSWL |
||
| 041 |
_aeng _2eng |
||
| 084 |
_aX, J5 _qDSWL |
||
| 100 |
_aSamuelson, Paul A. _9829495 |
||
| 245 | 0 |
_aEconomics An Introductory analysis _cby Paul A. Samuelson |
|
| 260 |
_aNew York _bMcGraw Hill Book _c1955 |
||
| 300 | _axxii,753p. | ||
| 942 |
_cTEXL _hX, J5 |
||
| 999 |
_c1444644 _d1444644 |
||